| 000 | 00625nam a22001935 4500 | ||
|---|---|---|---|
| 001 | BK0015204132 | ||
| 005 | 20241220161340.0 | ||
| 008 | 141106 eng | ||
| 020 |
_a9780448484075 : PAP _c$5.99 |
||
| 020 |
_a0448484072 : PAP _c$5.99 |
||
| 037 |
_bPenguin Group USA, Order Processing Dept 120 Woodbine st, Bergenfield, NJ, USA, 07621 _nSAN 282-5074 |
||
| 050 | _aU | ||
| 082 | _a355 | ||
| 092 | _a355.0000 | ||
| 100 |
_aDemuth, Patricia Brennan/ Kenyon, David Grayson (ILT)/ Anderson, Scott (ILT) _96530881 |
||
| 245 | 0 | 0 | _aWhat Was D-Day? |
| 260 |
_bPenguin Group USA _c2015 |
||
| 300 | _a112 p. ; | ||
| 999 |
_c191319 _d191319 |
||